| Registos Bibliográficos associados ao registo de autoridade |
|
Etiqueta de registo: 00254nam 2200025 450 001 2286186 003 http://id.bnportugal.gov.pt/bib/catbnp/2286186 100 ## $a20260512d2025 k y0pory01030103ba 101 0# $apor$deng 102 ## $aPT 105 ## $ay m 001yy 106 ## $ar 200 1# $a O papel dos tribunais de contas na avaliação de políticas públicas$fMorgana Bellazzi de Oliveira Carvalho$gorient. Licínio Lopes Martins 210 #9 $aCoimbra$c[s.n.],$d2025 215 ## $a446 p.$d30 cm 328 #1 $aTese dout. Direito (Direito Público), Faculdade de Direito da Universidade de Coimbra,
2025 675 ## $a347.99(469+81)(043)$vBN$zpor$31386136 675 ## $a351.72(469+81)(043)$vBN$zpor$32001123 700 #1 $aCarvalho,$bMorgana Bellazzi de Oliveira$31998190 702 #1 $aMartins,$bLicínio Lopes$4727$31018325 801 #0 $aPT$bBN$gRPC 966 ## $lBN$mFGMON$sS.C. 169336 V.$x1 971 ## $cisantos$d20260512 972 ## $e0$z0$d20260701$vasantos 973 ## $cmlsousa$d20260619
|
|
|